[Event "VIE-ch U07"]
[Site "Ho Chi Minh City"]
[Date "2014.07.13"]
[Round "2"]
[White "Nguyen, Hoang Viet"]
[Black "Pham, Doan Anh Khoa"]
[Result "0-1"]
[WhiteElo "1360"]
[BlackElo "1395"]
[PlyCount "31"]
[EventDate "2014.07.13"]
[EventType "swiss"]
[EventRounds "9"]
[EventCountry "VIE"]
[SourceTitle "EXT 2016"]
[Source "ChessBase"]
[SourceDate "2015.10.08"]
[SourceVersion "1"]
[SourceVersionDate "2015.10.08"]
[SourceQuality "1"]

1. e4 e5 2. Nf3 Nc6 3. h3 Nf6 4. Nc3 a6 5. a3 Bc5 6. Bc4 Nd4 7. 0-0 d6 8. d3 h6 9. Nd5 c6 10. Nb4 a5 11. Na2 0-0 12. c3 Nxf3+ 13. Qxf3 b5 14. Bb3 a4 15. Bc2 Be6 16. Qg3 0-1

[Event "VIE-ch U07"]
[Site "Ho Chi Minh City"]
[Date "2014.07.13"]
[Round "1"]
[White "Pham, Doan Anh Khoa"]
[Black "Nguyen, Minh Trong"]
[Result "0-1"]
[WhiteElo "1395"]
[BlackElo "1366"]
[PlyCount "44"]
[EventDate "2014.07.13"]
[EventType "swiss"]
[EventRounds "9"]
[EventCountry "VIE"]
[SourceTitle "EXT 2016"]
[Source "ChessBase"]
[SourceDate "2015.10.08"]
[SourceVersion "1"]
[SourceVersionDate "2015.10.08"]
[SourceQuality "1"]

1. e4 e5 2. Nf3 Nc6 3. Bc4 Nf6 4. Nc3 Nxe4 5. Nxe4 d5 6. Bxd5 Qxd5 7. d3 Bg4 8. Bh6 0-0-0 9. Bg5 f6 10. Bd2 Nd4 11. Nc3 Nxf3+ 12. Qxf3 Qxf3 13. gxf3 Bxf3 14. Rg1 Bd6 15. Rxg7 Rhg8 16. Rg3 e4 17. dxe4 Bxg3 18. fxg3 Rde8 19. Nd5 Rxe4+ 20. Kf1 Rd4 21. Bc3 Rxd5 22. Bxf6 Rf8 0-1